000 00376nam a22001577a 4500
999 _c8228
_d8228
003 GBCCL
005 20241126110646.0
008 190729b ||||| |||| 00| 0 eng d
040 _cGBC
082 _aVER 956.95
_bSAN
100 _aSangkhuma, Z.T.
_914328
245 _aIsrael thar
260 _aAizawl:
_bSynod publication board,
_c1980.
300 _a51p. ;
942 _2ddc
_cBK